Confrontation of cosmological theories with observational data (Record no. 4744)

MARC details
000 -LEADER
fixed length control field 00954nam a2200241Ia 4500
003 - CONTROL NUMBER IDENTIFIER
control field IN-BaIIA
008 - FIXED-LENGTH DATA ELEMENTS--GENERAL INFORMATION
fixed length control field 211028s9999 xx 000 0 eng d
020 ## - INTERNATIONAL STANDARD BOOK NUMBER
International Standard Book Number 90-277-0456-2
040 ## - CATALOGING SOURCE
Transcribing agency IIA Library
080 ## - UNIVERSAL DECIMAL CLASSIFICATION NUMBER
Universal Decimal Classification number 082.2:52
Item number IAU-S63
111 ## - MAIN ENTRY--MEETING NAME
Meeting name or jurisdiction name as entry element International Astronomical Union Symposium (Copernicus Symposium)
Number of part/section/meeting 2nd
Location of meeting Cracow, Poland
Date of meeting or treaty signing 1973 Sep. 10-12
9 (RLIN) 8428
245 #0 - TITLE STATEMENT
Title Confrontation of cosmological theories with observational data
Remainder of title proceedings of the IAU symposium (Copernicus symposium) no. 63, held in Cracow, Poland, September 10-12, 1973
Statement of responsibility, etc. edited by M.S. Longair
260 ## - PUBLICATION, DISTRIBUTION, ETC.
Place of publication, distribution, etc. Dordrecht
Name of publisher, distributor, etc. D. Reidel Publishing
Date of publication, distribution, etc. 1974
300 ## - PHYSICAL DESCRIPTION
Extent xi, 382p.
490 ## - SERIES STATEMENT
Series statement IAU Symposium; no. 63
650 ## - SUBJECT ADDED ENTRY--TOPICAL TERM
Topical term or geographic name entry element Astronomy and Astrophysics Thesaurus
650 ## - SUBJECT ADDED ENTRY--TOPICAL TERM
Topical term or geographic name entry element Cosmology
650 ## - SUBJECT ADDED ENTRY--TOPICAL TERM
Topical term or geographic name entry element Observational cosmology
9 (RLIN) 8429
650 ## - SUBJECT ADDED ENTRY--TOPICAL TERM
Topical term or geographic name entry element Observing techniques
9 (RLIN) 822
700 ## - ADDED ENTRY--PERSONAL NAME
Personal name Longair, M. S., ed.
9 (RLIN) 8430
710 ## - ADDED ENTRY--CORPORATE NAME
Corporate name or jurisdiction name as entry element International Astronomical Union
942 ## - ADDED ENTRY ELEMENTS (KOHA)
Koha item type Books
Holdings
Withdrawn status Lost status Damaged status Not for loan Home library Current library Shelving location Date acquired Total Checkouts Full call number Barcode Date last seen Price effective from Koha item type
        IIA Library-Bangalore IIA Library-Bangalore General Stacks 14/08/1975   082.2:52/ IAU-S63 5305 05/11/2021 14/08/1975 Books

Powered by Koha